000 00378pab a2200157 454500
008 180718b1998 xxu||||| |||| 00| 0 eng d
100 _aSarkar, A.N.
245 _aFarm project in India: achievements and prospects
260 _c1998
300 _ap.8-11,24
362 _aMar
650 _aAgriculture - India
650 _aAgriculture
773 _aYojana
909 _a36873
999 _c36873
_d36873